[Event "Rasht Baran Cup 7th 		  "]
[Site "Rasht"]
[Date "2014.06.22"]
[Round "1"]
[White "Barzigar Touchahi, Behrang"]
[Black "Shenavar, Bardia"]
[Result "1-0"]
[WhiteElo "2209"]
[BlackElo "1471"]
[PlyCount "96"]
[EventDate "2014.06.22"]
[EventType "swiss"]
[EventRounds "9"]
[EventCountry "IRI"]
[SourceTitle "CBM 161 Extra"]
[Source "ChessBase"]
[SourceDate "2014.08.29"]
[SourceVersion "1"]
[SourceVersionDate "2014.08.29"]
[SourceQuality "1"]

1. c4 e6 2. Nf3 Nf6 3. d4 c6 4. Nc3 d5 5. Bg5 Be7 6. e3 dxc4 7. Bxc4 b5 8. Bd3 Nbd7 9. 0-0 Bb7 10. Rc1 0-0 11. Qe2 a6 12. Rfd1 Rc8 13. Ne5 Nxe5 14. dxe5 Nd5 15. Bxe7 Qxe7 16. Ne4 c5 17. Qh5 g6 18. Qh6 f6 19. Nd6 Rc6 20. Nxb7 Qxb7 21. Be4 Rcc8 22. exf6 Rxf6 23. Qg5 Qg7 24. Bxd5 exd5 25. Qxd5+ Kh8 26. Rxc5 Rcf8 27. Rc2 Rf5 28. Qd4 R5f6 29. f3 Re8 30. e4 Rfe6 31. Rc7 Qxd4+ 32. Rxd4 R8e7 33. Rxe7 Rxe7 34. Kf2 Rc7 35. Ke3 Kg7 36. Kd3 Kf7 37. Rd6 a5 38. Rb6 Rd7+ 39. Ke3 Rd1 40. Rxb5 Rg1 41. g3 Rg2 42. b3 Rxa2 43. h4 Ra3 44. Kf4 Ra1 45. Rb7+ Kg8 46. e5 Rb1 47. e6 a4 48. Rb8+ Kg7 1-0